Online
Catalog

Guía práctica de ecología urbana / (Record no. 24388)

MARC details
000 -CABECERA
campo de control de longitud fija 01954nam a2200337 a 4500
001 - NÚMERO DE CONTROL
campo de control 000024895
005 - FECHA Y HORA DE LA ÚLTIMA TRANSACCIÓN
campo de control 20250226101152.0
008 - DATOS DE LONGITUD FIJA--INFORMACIÓN GENERAL
campo de control de longitud fija 100712s1997 ag a 000 | spa d
020 ## - NÚMERO INTERNACIONAL ESTÁNDAR DEL LIBRO
ISBN cancelado o inválido 98796446
040 ## - FUENTE DE LA CATALOGACIÓN
Centro catalogador/agencia de origen DO-SdBNP
Lengua de catalogación spa
Centro/agencia transcriptor BNPHU
082 ## - NÚMERO DE LA CLASIFICACIÓN DECIMAL DEWEY
Número de clasificación 574.5268
Número de documento/Ítem G215b
049 ## - FONDOS LOCALES (OCLC)
Fondos de biblioteca BNGR
245 00 - MENCIÓN DE TÍTULO
Título Guía práctica de ecología urbana /
Mención de responsabilidad, etc. Antonio Elio Brailovsky; ... [et al.] ; prólogo Gustavo Beliz.
260 ## - PUBLICACIÓN, DISTRIBUCIÓN, ETC.
Lugar de publicación, distribución, etc. [Argentina] :
Nombre del editor, distribuidor, etc. Centro de Investigaciones Ambientales,
Fecha de publicación, distribución, etc. 1997.
300 ## - DESCRIPCIÓN FÍSICA
Extensión 254 p. :
Otras características físicas il. ;
Dimensiones 21 cm.
505 0# - NOTA DE CONTENIDO CON FORMATO
Título Prólogo
-- Ecología urbana depende de nosotros /
Mención de responsabilidad Federico José Caeiro
Título Algunas reflexiones
-- El agua: algo más que H2O /
Mención de responsabilidad María c. Zeballos de Sisto
Título Cuidar el aire, cuidar nuestra vida /
Mención de responsabilidad Elita Rosales
Título Los residuos urbanos /
Mención de responsabilidad Mariana Salaberry
Título Espacios verdes /
Mención de responsabilidad Elita Rosales
Título Contaminación visual /
Mención de responsabilidad Silvina García Conto
Título Ruidosa Buenos Aires /
Mención de responsabilidad Leopoldo Navarro
Título Fauna urbana /
Mención de responsabilidad Federico José Caeiro
Título Modificaciones hábitos de consumo /
Mención de responsabilidad Federico José Caeiro
Título Derrochando energías /
Mención de responsabilidad Francisco José Pestnha
Título Un cuento: cómo explicar lo inexplicable /
Mención de responsabilidad María c. Zeballos de Sisto
Título Una constitución ecológica /
Mención de responsabilidad Antonio Elio Brailovsky
Título Constitución de la ciudad de Buenos Aires /
-- Teléfonos y direcciones útiles Bibliografías Los autores /
-- Bibliografías
-- Los autores
650 #0 - PUNTO DE ACCESO ADICIONAL DE MATERIA--TÉRMINO DE MATERIA
Término de materia o nombre geográfico como elemento de entrada Ecología urbana (Sociología)
9 (RLIN) 51100
650 #0 - PUNTO DE ACCESO ADICIONAL DE MATERIA--TÉRMINO DE MATERIA
Término de materia o nombre geográfico como elemento de entrada Urbanismo
9 (RLIN) 51101
650 #4 - PUNTO DE ACCESO ADICIONAL DE MATERIA--TÉRMINO DE MATERIA
Término de materia o nombre geográfico como elemento de entrada Sostenibilidad urbana
9 (RLIN) 51102
650 #4 - PUNTO DE ACCESO ADICIONAL DE MATERIA--TÉRMINO DE MATERIA
Término de materia o nombre geográfico como elemento de entrada Planificación urbana
9 (RLIN) 51103
700 1# - PUNTO DE ACCESO ADICIONAL--NOMBRE DE PERSONA
Nombre de persona Brailovsky, Antonio Elio
9 (RLIN) 51104
700 1# - PUNTO DE ACCESO ADICIONAL--NOMBRE DE PERSONA
Nombre de persona Anaya, Benjamín
Término indicativo de función/relación il.
9 (RLIN) 51105
700 1# - PUNTO DE ACCESO ADICIONAL--NOMBRE DE PERSONA
Nombre de persona Salaberry, Mariana
9 (RLIN) 51106
700 1# - PUNTO DE ACCESO ADICIONAL--NOMBRE DE PERSONA
Nombre de persona García Conto, Silvina
9 (RLIN) 51107
700 1# - PUNTO DE ACCESO ADICIONAL--NOMBRE DE PERSONA
Nombre de persona Pestnha , Francisco José
9 (RLIN) 51108
700 1# - PUNTO DE ACCESO ADICIONAL--NOMBRE DE PERSONA
Nombre de persona Caeiro, Federico José
9 (RLIN) 51109
700 1# - PUNTO DE ACCESO ADICIONAL--NOMBRE DE PERSONA
Nombre de persona Navarro, Leopoldo
9 (RLIN) 51110
700 1# - PUNTO DE ACCESO ADICIONAL--NOMBRE DE PERSONA
Nombre de persona Rosales, Elita
9 (RLIN) 51111
700 1# - PUNTO DE ACCESO ADICIONAL--NOMBRE DE PERSONA
Nombre de persona Zeballos de Sisto , María c.
9 (RLIN) 51112
710 2# - PUNTO DE ACCESO ADICIONAL--NOMBRE DE ENTIDAD CORPORATIVA
Nombre de entidad corporativa o nombre de jurisdicción como elemento de entrada Fundación Nueva Dirigencia
9 (RLIN) 51113
Holdings
Estado de retiro Estado de pérdida Restricciones de uso No para préstamo Código de colección Localización permanente Ubicación/localización actual Ubicación en estantería Fecha de adquisición Número de inventario Total de préstamos Signatura topográfica completa Código de barras Fecha visto por última vez Precio válido a partir de Tipo de ítem Koha
        Monografías: Libros y Folletos General General En catalogación 07.02.2011 LF1   574.5268 G215b 24895-10 25.06.2020 25.06.2020 Préstamo en sala

Powered by Koha